| 000 -LEADER |
| fixed length control field |
00591 a2200133 4500 |
| 020 ## - INTERNATIONAL STANDARD BOOK NUMBER |
| International Standard Book Number |
3258052271 |
| 100 1# - MAIN ENTRY--PERSONAL NAME |
| Personal name |
Groener, Helmut. |
| Relator term |
Autor |
| 245 0# - TITLE STATEMENT |
| Title |
Liberalisierung der Telekommunikationsmaerkte : |
| Remainder of title |
Wettbewerbspolitische Probleme des Markteintritts von Elektrizitaetsversorgungsunternehmen in die deutschen Telekommunikationsmaerkte. / |
| Statement of responsibility, etc |
Groener Helmut, Koehler Helmut, Knorr Andreas. |
| 260 ## - PUBLICATION, DISTRIBUTION, ETC. (IMPRINT) |
| Place of publication, distribution, etc |
Bern : |
| Name of publisher, distributor, etc |
Haupt, |
| Date of publication, distribution, etc |
1995. |
| 300 ## - PHYSICAL DESCRIPTION |
| Extent |
113 s.,bibliogr.; |
| Dimensions |
24 cm. |
| 700 1# - ADDED ENTRY--PERSONAL NAME |
| Personal name |
Koehler, Helmut. |
| Relator term |
Autor |
| 700 1# - ADDED ENTRY--PERSONAL NAME |
| Personal name |
Knorr, Andreas. |
| Relator term |
Autor |
| 710 2# - ADDED ENTRY--CORPORATE NAME |
| Corporate name or jurisdiction name as entry element |
Verlag Paul Haupt. |
| Relator term |
Wydawca |
| Relator code |
pbl |
| 920 ## - |
| -- |
3-258-05227-1 |